| 000 | 00882nam a2200277Ia 4500 | ||
|---|---|---|---|
| 003 | OSt | ||
| 005 | 20220918171401.0 | ||
| 006 | a|||||r|||| 00| 0 | ||
| 007 | ta | ||
| 008 | 220917b |||||||| |||| 00| 0 eng d | ||
| 020 |
_a9781591588634 (hbk) _c2945.15 |
||
| 024 | _a244,162 | ||
| 037 |
_b30689, 03/12/2010, Segment Book Distributors _cTextual |
||
| 040 |
_aARTS _cARTS _beng |
||
| 041 |
_2eng _aeng |
||
| 082 | _a2:f, P4;Q0 | ||
| 100 |
_aConnaway Lynn Silipigni _936219 |
||
| 245 | 0 | _aBasic research methods for librarians | |
| 250 | _a5th | ||
| 260 |
_aSanta _bBarbara Libraries Unlimited _c2010 |
||
| 300 |
_axii,370p _ccm. |
||
| 650 | _aLIBRARY SCIENCE | ||
| 700 |
_a Powell Ronald R. _936220 |
||
| 942 |
_h2:f, P4;Q0 _cTEXL _2CC |
||
| 999 |
_c139309 _d139309 |
||